000 00663nam a2200241Ia 4500
003 OSt
005 20221007080627.0
006 a|||||r|||| 00| 0
007 ta
008 221006b |||||||| |||| 00| 0 eng d
020 _a875850987
024 _a7,289
037 _cTextual
040 _aFLL
_cFLL
_beng
041 _2eng
_aeng
082 _aZ:5a, L9
100 _aKuhlman Augustus Frederick
_9695089
245 0 _aGuide to material on crime and criminal justice
260 _aNew Jersey
_b Patterson Smith New
_c1969
300 _a665p
_ccm.
942 _hZ:5a, L9
_cTEXL
_2CC
999 _c1160339
_d1160339